000 01284cam a2200385 a 4500
001 000015449
005 20200929164038.0
008 771014s1973 ag b 000 0 spa d
040 _aDO-SdBNP
_cNmU
_dDLC
_dBNPHU
082 _aNNNN
_bB849r
100 1 _aBricht, Susana,
_934885
245 0 3 _aEl Rol del psicólogo /
_cSusana Bricht ... [et al.].
260 _aBuenos Aires, :
_bNueva Visión,
_c1973.
300 _a260, [1] p. ;
_c20 cm.
490 0 _aPsicología contemporánea
500 _aIncluye referencias bibliográficas notas al pie de las páginas
650 4 _aPsicología
_zAargentina
_934886
650 4 _aPsicoanálisis
_zArgentina.
_934887
700 1 _aCalvo, Isabel,
_934888
700 1 _aDimant, Frida,
_934889
700 1 _aPravaz, Susana,
_934890
700 1 _aCalvo de Spolansky, María T.,
_934891
700 1 _aDanis, Juana,
_934892
700 1 _aGrego, Beatriz,
_934893
700 1 _aKaumann, Irene,
_934894
700 1 _aHarari, Roberto,
_934895
700 1 _aMusso, Edgardo,
_934896
700 1 _aKnobel, Mauricio,
_934897
700 1 _aMalfé, Ricardo,
_934898
700 1 _aOstrov, León,
_934899
700 1 _aPalacios, Isabel,
_934900
830 0 _aPsicología contemporánea
_934901
910 _aCatalogación derivada
049 _aBNGR
999 _c15006
_d15006